Những phát minh kỷ lục

Salvato in:
Dettagli Bibliografici
Natura: Libro
Lingua:Undetermined
Pubblicazione: Tp. HCM Trẻ 2002
Soggetti:
Tags: Aggiungi Tag
Nessun Tag, puoi essere il primo ad aggiungerne! !
Thư viện lưu trữ: Trung tâm Học liệu Trường Đại học Cần Thơ
LEADER 00403nam a2200157Ia 4500
001 CTU_56607
008 210402s9999 xx 000 0 und d
082 |a 608 
082 |b Nh556 
245 0 |a Những phát minh kỷ lục 
245 0 |c Thanh Nghi dịch 
260 |a Tp. HCM 
260 |b Trẻ 
260 |c 2002 
650 |a inventions 
980 |a Trung tâm Học liệu Trường Đại học Cần Thơ